Fundamentals of anatomy and physiology. (3rd ed.) (Record no. 63882)

MARC details
000 -LEADER
fixed length control field 00858nam a2200181 a 4500
008 - FIXED-LENGTH DATA ELEMENTS--GENERAL INFORMATION
fixed length control field 150817s1995 ||||||||||||||||| || u
020 ## - INTERNATIONAL STANDARD BOOK NUMBER
International Standard Book Number 9780133408942
050 ## - LIBRARY OF CONGRESS CALL NUMBER
Classification number QP 34.5 Mar
100 ## - MAIN ENTRY--PERSONAL NAME
Personal name Martini, Frederic H
245 10 - TITLE STATEMENT
Title Fundamentals of anatomy and physiology. (3rd ed.)
Statement of responsibility, etc. by Frederic H. Martini, Kathleen Welch and Martha Newsome
250 ## - EDITION STATEMENT
Edition statement 3rd ed.
260 ## - PUBLICATION, DISTRIBUTION, ETC.
Place of publication, distribution, etc. Englewood Cliffs
Name of publisher, distributor, etc. Prentice Hall
Date of publication, distribution, etc. 1995
300 ## - PHYSICAL DESCRIPTION
Extent vii, 437p.
350 ## -
-- 0.75
650 #0 - SUBJECT ADDED ENTRY--TOPICAL TERM
Topical term or geographic name entry element HUMAN PHYSIOLOGY
995 ## -
-- MEDICAL LIBRARY OPEN ACCESS
-- 903041
-- CBU-SCHOOL OF MEDICINE LIBRARY (Ndola)
-- 0.75
-- QP 34.5 Mar
-- 2
-- AVAILABLE
-- Sep 7, 2015
-- 903041
-- Medical Library Open Access Collection
995 ## -
-- MEDICAL LIBRARY OPEN ACCESS
-- 903104
-- CBU-SCHOOL OF MEDICINE LIBRARY (Ndola)
-- 0.75
-- QP 34.5 Mar
-- 1
-- AVAILABLE
-- Sep 4, 2015
-- 903104
-- Medical Library Open Access Collection
999 ## -
-- 63882
-- 63882
Holdings
Withdrawn status Lost status Source of classification or shelving scheme Damaged status Not for loan Permanent Location Current Location Shelving location Date acquired Total Checkouts Full call number Barcode Date last seen Copy number Price effective from Koha item type
          CBU-SCHOOL OF MEDICINE LIBRARY, NDOLA. CBU-SCHOOL OF MEDICINE LIBRARY, NDOLA.   02/01/2023   QP 34.5 Mar 903041 02/01/2023 1 02/01/2023 MONOGRAPH
          CBU-SCHOOL OF MEDICINE LIBRARY, NDOLA. CBU-SCHOOL OF MEDICINE LIBRARY, NDOLA.   02/01/2023   QP 34.5 Mar 903104 02/01/2023 2 02/01/2023 MONOGRAPH